| 000 | 00618nam a22001577a 4500 | ||
|---|---|---|---|
| 008 | 230428b |||||||| |||| 00| 0 eng d | ||
| 020 | _a0-919558-00-3 | ||
| 040 |
_aNational Science Library _cNational Science Library |
||
| 080 |
_a519.1(082.2) _bL0 |
||
| 245 |
_aTime series and stochastic processes, convexity and combinatorics: _bProceedings of the twelfth biennial seminar of the Canadian Mathematical Congress _c/ Canadian Mathematical Congress |
||
| 260 |
_aMontreal: _bCanadian Mathematical Congress, _c1970 |
||
| 300 | _axiv, 279p. | ||
| 650 | _aScience | ||
| 700 | _aPyke, Ronald (Ed.) | ||
| 942 |
_2udc _cPR |
||
| 999 |
_c24836 _d24836 |
||